[Event "Gelsenkirchen Silvester op 5th"]
[Site "Gelsenkirchen"]
[Date "2017.12.28"]
[Round "3"]
[White "Tolksdorf, Juergen"]
[Black "Kaufeld, Juergen"]
[Result "0-1"]
[WhiteElo "1645"]
[BlackElo "2260"]
[PlyCount "72"]
[EventDate "2017.12.27"]
[EventType "swiss"]
[EventRounds "5"]
[EventCountry "GER"]
[SourceTitle "CBM 182 Extra"]
[Source "ChessBase"]
[SourceDate "2018.02.23"]
[SourceVersion "1"]
[SourceVersionDate "2018.02.23"]
[SourceQuality "1"]

1. e4 c5 2. Bc4 e6 3. Qe2 a6 4. a4 Nc6 5. Nf3 Nge7 6. e5 Ng6 7. c3 Qc7 8. 0-0 Ngxe5 9. Nxe5 Qxe5 10. Qxe5 Nxe5 11. Na3 Be7 12. f4 Nc6 13. Nc2 0-0 14. Rb1 d5 15. Be2 Bd7 16. b4 cxb4 17. cxb4 Rfc8 18. b5 Na5 19. Na3 Nc4 20. Nxc4 dxc4 21. Bf3 Rab8 22. Bb2 f6 23. Bd4 axb5 24. axb5 Bc5 25. Bxc5 Rxc5 26. b6 Bc6 27. Be2 Rd8 28. Rfc1 Rxd2 29. Bxc4 Kf8 30. Bxe6 Rxg2+ 31. Kf1 Rxc1+ 32. Rxc1 Rxh2 33. Rc3 Rb2 34. Ra3 Ke7 35. f5 g5 36. Rh3 Bg2+ 0-1